000 00705nam a2200241Ia 4500
005 20260430150705.0
008 008 250103s9999 xx 000 0 eng d
037 _aTheses
040 _aCRL
040 _beng
040 _ceng
041 _2eng
041 _aeng
084 _qCRL
100 _aShukla Sidheshwar Prasad Au.; Suresh Kumar Gu.
_91238222
245 0 _aBeginning of Agriculture and Settlement Pattern in India and South & Eastern Africa: An Archeological Perspective
260 _c2024
300 _a326p.
650 _aAfrican Literature
700 _aUniversity of Delhi. Faculty of Social Science. Deptt. of African Studies
942 _cTH
999 _c1850398
_d1850398